Gamifikácia - prvky zákazníckej orientácie v riadení ľudských zdrojov

Salvato in:
Dettagli Bibliografici
Autore principale: Blštáková, Jana, 1980-
Altri autori: Abuladze, Lasha, 1991-
Natura: Capitolo di libro
Lingua:slovacco
inglese
Soggetti:
Tags: Aggiungi Tag
Nessun Tag, puoi essere il primo ad aggiungerne!!

MARC

LEADER 00000naa$a2200000$$$4500
001 0291704
005 20250424081804.4
041 0 |a slo 
041 0 |a eng 
044 |a SK 
245 1 0 |a Gamifikácia - prvky zákazníckej orientácie v riadení ľudských zdrojov  |c Jana Blštáková, Lasha Abuladze 
500 |a Abstrakt 
610 2 0 |a gamifikácia 
610 2 0 |a zdroje ľudské 
610 2 0 |a riadenie ľudských zdrojov 
610 2 0 |a zamestnávatelia 
100 1 |a Blštáková, Jana, 1980- 
700 1 |a Abuladze, Lasha, 1991-